Philippine political and cultural history

Đã lưu trong:
Sonraí Bibleagrafaíochta
Príomhúdar: Gregorio F. Zaide
Formáid: Leabhar
Teanga:Undetermined
Foilsithe: Manila Philippine Education Co. 1949
Ábhair:
Clibeanna: Cuir Clib Leis
Gan Chlibeanna, Bí ar an gcéad duine leis an taifead seo a chlibeáil!
Thư viện lưu trữ: Trung tâm Học liệu Trường Đại học Cần Thơ
LEADER 00512nam a2200193Ia 4500
001 CTU_90500
008 210402s9999 xx 000 0 und d
082 |a 991.4 
082 |b Z21 
100 |a Gregorio F. Zaide 
245 0 |a Philippine political and cultural history 
245 0 |c Gregorio F. Zaide 
260 |a Manila 
260 |b Philippine Education Co. 
260 |c 1949 
650 |a philippines 
650 |x history. 
904 |i Năm 
980 |a Trung tâm Học liệu Trường Đại học Cần Thơ